The South Tyrol Question, 1866–2010 (Record no. 27266)
[ view plain ]
| 000 -LEADER | |
|---|---|
| fixed length control field | 00629nam a2200121Ia 4500 |
| 008 - FIXED-LENGTH DATA ELEMENTS--GENERAL INFORMATION | |
| fixed length control field | 220620s9999||||xx |||||||||||||| ||und|| |
| 100 ## - MAIN ENTRY--PERSONAL NAME | |
| Personal name | Grote, Georg |
| 245 #4 - TITLE STATEMENT | |
| Title | The South Tyrol Question, 1866–2010 |
| Remainder of title | From National Rage to Regional State |
| 546 ## - LANGUAGE NOTE | |
| Language note | English[eng] |
| 650 ## - SUBJECT ADDED ENTRY--TOPICAL TERM | |
| Topical term or geographic name entry element | 1866||1866–2010||2010||Approaches to South Tyrol||Disquiet and Unrest, 1947-1960||Grote||National||Question||Queston||Rage||Regional||South||State||The Regionalist Drive||Tyrol||Tyrolean Nationalisms before 1918||Under Autonomy Rule |
| 856 ## - ELECTRONIC LOCATION AND ACCESS | |
| Uniform Resource Identifier | <a href="https://library.oapen.org/bitstream/20.500.12657/48510/1/9783035303032.pdf">https://library.oapen.org/bitstream/20.500.12657/48510/1/9783035303032.pdf</a> |
| 942 ## - ADDED ENTRY ELEMENTS (KOHA) | |
| Koha item type | E-Books |
| Withdrawn status | Lost status | Damaged status | Not for loan | Home library | Current library | Date acquired | Total Checkouts | Date last seen | Price effective from | Koha item type |
|---|---|---|---|---|---|---|---|---|---|---|
| Kerala University of Digital Sciences, Innovation and Technology Knowledge Centre | Kerala University of Digital Sciences, Innovation and Technology Knowledge Centre | 20/06/2022 | 20/06/2022 | 20/06/2022 | E-Books |